Contract bridge standards (Record no. 6674)

MARC details
000 -CABECERA
campo de control de longitud fija 00715nam a2200229 a 4500
001 - NÚMERO DE CONTROL
campo de control BRCA_6993
005 - FECHA Y HORA DE LA ÚLTIMA TRANSACCIÓN
campo de control 20190320205653.0
008 - DATOS DE LONGITUD FIJA--INFORMACIÓN GENERAL
campo de control de longitud fija 231111s1929----u--cd#####---#000-0#eng-#
041 ## - CÓDIGO DE LENGUA
Código de lengua del texto/banda sonora o título independiente eng
044 ## - CÓDIGO DEL PAÍS DE LA ENTIDAD EDITORA/PRODUCTORA
Código MARC del país u
050 #4 - SIGNATURA TOPOGRÁFICA DE LA BIBLIOTECA DEL CONGRESO
Número de clasificación GV1282.3
Número de documento/Ítem .W6 1929
100 1# - ENTRADA PRINCIPAL--NOMBRE DE PERSONA
Nombre de persona Whitehead, Wilbur C.
Numeración 1866
Forma completa/desarrollada del nombre (Wilbur Cherrier)
9 (RLIN) 17405
245 10 - MENCIÓN DE TÍTULO
Título Contract bridge standards
Mención de responsabilidad, etc. by Wilbur C. Whitehead ; with an introduction by Ely Culbertson.
260 ## - PUBLICACIÓN, DISTRIBUCIÓN, ETC.
Lugar de publicación, distribución, etc. Nueva York
Nombre del editor, distribuidor, etc. Frederick A. Stokes company
Fecha de publicación, distribución, etc. 1929
300 ## - DESCRIPCIÓN FÍSICA
Extensión xvi, 176 p.
Otras características físicas il.
Dimensiones 16 cm.
500 ## - NOTA GENERAL
Nota general Estado físico: casmisa rota
500 ## - NOTA GENERAL
Nota general O12
650 14 - PUNTO DE ACCESO ADICIONAL DE MATERIA--TÉRMINO DE MATERIA
Término de materia o nombre geográfico como elemento de entrada Apuestas
Subdivisión general Juego de cartas (Bridge)
9 (RLIN) 15655
700 1# - PUNTO DE ACCESO ADICIONAL--NOMBRE DE PERSONA
Nombre de persona Culbertson, Ely
9 (RLIN) 16730
902 ## - CATALOGADOR
Iniciales GFM
942 ## - ELEMENTOS DE PUNTO DE ACCESO ADICIONAL (KOHA)
Fuente del sistema de clasificación o colocación Library of Congress Classification
Tipo de ítem Koha Libros
Holdings
Estado de retiro Estado de pérdida Estado dañado No para préstamo Localización permanente Ubicación/localización actual Fecha de adquisición Número de inventario Total de préstamos Signatura topográfica completa Código de barras Fecha visto por última vez Precio válido a partir de Tipo de ítem Koha
El ejemplar forma parte de la colección y puede ser consultado según las políticas vigentes.       Biblioteca del Museo Franz Mayer (Rogerio Casas-Alatriste) Biblioteca del Museo Franz Mayer (Rogerio Casas-Alatriste) 23/11/2011 O12   GV1282.3 .W6 1929 (O12) 7440 22/03/2019 22/03/2019 Libros